书目信息 |
| 题名: |
女人不生病的智慧
|
|
| 作者: | 吴盈 编著 | |
| 分册: | ||
| 出版信息: | 北京 中国纺织出版社 2009.03 |
|
| 页数: | 260页 | |
| 开本: | 23cm | |
| 丛书名: | ||
| 单 册: | ||
| 中图分类: | R173 | |
| 科图分类: | ||
| 主题词: | 女性--nu xing--保健--基本知识 | |
| 电子资源: | ||
| ISBN: | 978-7-5064-5256-4 | |
| 000 | 00803nam0 2200241 450 | |
| 001 | 012009138612 | |
| 005 | 20091128160246.96 | |
| 010 | @a978-7-5064-5256-4@dCNY29.80 | |
| 100 | @a20091128d2009 em y0chiy0120 ea | |
| 101 | 0 | @achi |
| 102 | @aCN@b110000 | |
| 105 | @aa a 000yy | |
| 106 | @ar | |
| 200 | 1 | @a女人不生病的智慧@Anu ren bu sheng bing de zhi hui@f吴盈编著@Fwu ying bian zhu |
| 210 | @a北京@c中国纺织出版社@d2009.03 | |
| 215 | @a260页@c图@d23cm | |
| 320 | @a有书目 (第260页) | |
| 330 | @a本书从饮食营养、穿着起居、科学运动、疾病防治、养颜护肤、调整心态、和谐情感等方面入手,向女性朋友讲述了一些保持身体健康的良方。 | |
| 606 | 0 | @a女性@Anu xing@x保健@x基本知识 |
| 690 | @aR173@v4 | |
| 701 | 0 | @a吴盈@Awu ying@4编著 |
| 801 | 0 | @aCN@bQSSK@c20091128 |
| 905 | @b767704-06@dR173@eW912@f3 | |
| 女人不生病的智慧/吴盈编著.-北京:中国纺织出版社,2009.03 |
| 260页:图;23cm |
| ISBN 978-7-5064-5256-4:CNY29.80 |
| 本书从饮食营养、穿着起居、科学运动、疾病防治、养颜护肤、调整心态、和谐情感等方面入手,向女性朋友讲述了一些保持身体健康的良方。 |
| ● |
| 相关链接 |
|
|
|
正题名:女人不生病的智慧
索取号:R173/W912
 
预约/预借
| 序号 | 登录号 | 条形码 | 馆藏地/架位号 | 状态 | 备注 |
| 1 | 767704 | 207677049 | 自科库401/401自科库 7排4列3层/ [索取号:R173/W912] | 在馆 | |
| 2 | 767705 | 207677058 | 自科库401/401自科库 7排4列3层/ [索取号:R173/W912] | 在馆 | |
| 3 | 767706 | 207677067 | 自科库401/401自科库 7排4列3层/ [索取号:R173/W912] | 在馆 |